Lesões orais secundárias à leishmaniose visceral em um cão com hiperadrenocorticismo endógeno: relato de caso (Registro n. 301242)
[ somente texto ]
| 000 -LÍDER | |
|---|---|
| fixed length control field | 04349nab a2200313 i 4500 |
| 003 - CÓDIGO MARC DA AGÊNCIA CATALOGADORA | |
| Campo de controle | BR-BrBNA |
| 005 - DATA E HORA DA ÚLTIMA ATUALIZAÇÃO | |
| Campo de controle | 20240916154843.0 |
| 008 - CAMPO DE TAMANHO FIXO | |
| fixed length control field | 240916b2018 bl.|r|pooa||| 00| 0 por | |
| 040 ## - FONTE DA CATALOGAÇÃO | |
| Agência catalogadora | BR-BrBNA |
| Idioma da catalogação | por |
| 072 ## - CATEGORIA AGRIS | |
| Código AGRIS | L73 |
| Código do objeto | 5400 |
| 100 ## - ENTRADA PRINCIPAL - NOME PESSOAL | |
| Nome pessoal | Bochnakian, M.S. |
| 100 ## - ENTRADA PRINCIPAL - NOME PESSOAL | |
| Nome pessoal | Bezerra, J.A.B. |
| 100 ## - ENTRADA PRINCIPAL - NOME PESSOAL | |
| Nome pessoal | Fernandes, K.S.B.R. |
| 100 ## - ENTRADA PRINCIPAL - NOME PESSOAL | |
| Nome pessoal | Barros, V.R. |
| 100 ## - ENTRADA PRINCIPAL - NOME PESSOAL | |
| Nome pessoal | Paula, V.V. |
| 245 ## - TÍTULO PRINCIPAL | |
| Título principal | Lesões orais secundárias à leishmaniose visceral em um cão com hiperadrenocorticismo endógeno: relato de caso |
| 500 ## - NOTA GERAL | |
| Nota geral | <br/>Publicação online; 14 ref.; 3 tables; Summaries (En, Pt) |
| 942 ## - ADDED ENTRY ELEMENTS (KOHA) | |
| Koha item type | Analítica |
| 520 ## - NOTA DE RESUMO | |
| Nota de conteúdo | <br/><br/>RESUMO - O objetivo do presente trabalho foi relatar um caso de leishmaniose visceral com apresentação mucosa em um cão com iperadrenocorticismo. Um canino, macho, da raça Poodle, 11 anos de idade, foi atendido com histórico de disfagia, halitose e sialorreia. Ao exame físico, observou-se linfadenomegalia generalizada e alterações cutâneas, como rarefação pilosa, comedões, telangiectasia e atrofia cutânea. Além disso, o animal também apresentava formações orais localizadas na língua. Dos exames hematológicos e bioquímicos realizados, a única alteração encontrada foi elevação da fosfatase alcalina (1724u/L). O teste de supressão com a dexametasona em dose baixa foi executado para investigar hiperadrenocorticismo, tendo resultado positivo. Também foram realizados exames citológicos dos linfonodos, da medula óssea e das formações orais, tendo sido observada a presença de formas amastigotas de Leishmania sp. em todas as amostras. O animal foi submetido à biópsia incisional das formações orais, e a análise histopatológica demonstrou um quadro de inflamação granulomatosa com presença de grande quantidade de microrganismos morfologicamente compatíveis com formas amastigotas de Leishmania sp. no interior das células inflamatórias. Diante dos achados clínicos e dos exames complementares, diagnosticou-se um caso de leishmaniose com manifestação mucosa atípica, associado ao hiperadrenocorticismo, podendo essa endocrinopatia ter sido um fator predisponente para essa enfermidade infectocontagiosa.<br/><br/><br/>Palavras-chave: Leishmania infantum, leishmaniose oral, imunossupressão |
| 520 ## - NOTA DE RESUMO | |
| Nota de conteúdo | <br/><br/>ABSTRACT - The objective of the present study was to report a case of visceral leishmaniasis with mucosal presentation in a dog with hyperadrenocorticism. A canine, male, Poodle, 11 years old, was attended with a history of dysphagia, halitosis, and sialorreia. The physical examination revealed generalized lymphadenomegaly and cutaneous alterations such as hair loss, comedones, telangiectasia, and cutaneous atrophy. Futhermore, the animal also had localized oral formations on the tongue. From the hematological and biochemical tests performed, the only alteration was alkaline phosphatase elevation (1724u / L). The low dose dexamethasone suppression test was performed to investigate hyperadrenocorticism and found a positive result. In addition, cytological exams of lymph nodes, bone marrow and oral formations were also performed, and the presence of amastigote forms of Leishmania sp. were observed in all samples. The animal was submitted to incisional biopsy of the oral formations and the histopathological analysis showed a granulomatous inflammation with presence of large quantity of microorganisms morphologically compatible with amastigotes forms of Leishmania sp. within the inflammatory cells. Faced with clinical findings and complementary exams, a case of leishmaniasis with atypical mucosal manifestation, associated with hyperadrenocorticism, was diagnosed, and this endocrinopathy could have been a predisposing factor to this infectious-contagious disease.<br/><br/><br/>Keywords: Leishmania infantum, oral leishmaniasis, immunosuppression |
| 650 ## - ASSUNTO - THESAGRO | |
| Cabeçalho tópico ou nome geográfico | CÃO |
| 650 ## - ASSUNTO - THESAGRO | |
| Cabeçalho tópico ou nome geográfico | LEISHMANIOSE |
| 650 ## - ASSUNTO - THESAGRO | |
| Cabeçalho tópico ou nome geográfico | DOENÇA ANIMAL |
| 650 ## - ASSUNTO - THESAGRO | |
| Cabeçalho tópico ou nome geográfico | LESÃO |
| 650 ## - ASSUNTO - THESAGRO | |
| Cabeçalho tópico ou nome geográfico | IMUNOLOGIA |
| 773 0# - ENTRADA ANALÍTICA | |
| Host Biblionumber | 1643 |
| Registro do item | 318020 |
| Imprenta | Belo Horizonte-MG Universidade Federal de Minas Gerais - Escola de Veterinaria 1983 |
| Outro identificador | 2024-4754 |
| Título | Arquivo Brasileiro de Medicina Veterinária e Zootecnia (Brazil) |
| ISSN | 0102-0935 |
| Colação | v. 70(4) p. 1115-1119; (2018) |
| Número de controle de registro | BR2024002458 |
| 856 ## - ACESSO E ENDEREÇO ELETRÔNICO | |
| Identificador uniforme de recurso - URI | https://www.scielo.br/j/abmvz/a/ThP4rrjwCp9JxmvDGkfSJmS/?format=pdf&lang=pt |
Nenhum exemplar disponível.

BINAGRI